Histoire commençant par la lettre B #2 - Statistiques

Statistiques générales
  • Ce quiz a été pris 2 029 fois
  • Le résultat moyen est 10 sur 20
Statistiques - réponses
Hint Réponse % Correct
Les premiers aérostats de ce type datent du début du XVIIIème siècle, les firmes Zeppelin vont en marquer l'essor pendant la première guerre mondiale {Ballons} dirigeables
82%
Dynastie de rois de france, dont le premier monarque à avoir pris le trône était Henri IV en 1589 Bourbon
82%
Longtemps sous l'égide du royaume de Navarre, ce "pays" partagé entre la France et l'Espagne n'a pris réellement son identité qu'à partir du XVIIème siècle Pays {Basque}
82%
Royaume à partir du Vème siècle, puis duché du Royaume de France du IXème au XVème siècle dont la capitale était Dijon. Et jusqu'en 2016 nom d'une région administrative française Bourgogne
78%
Terme employé à l'origine par les anciens Grecs pour désigner les peuples n’appartenant pas à leur civilisation, et dont ils ne comprenaient pas la langue Barbare
73%
Cette région est restée indépendante du Royaume de France jusqu'en 1532, peu après le mariage de Charles VIII avec une certaine Anne Bretagne
72%
Les fugues de ce compositeur baroque allemand sont très célèbres Jean-Sébastien Bach
70%
Titre de noblesse apparu aux alentours du Xème siècle et désignant les membres de la haute aristocratie Baron
69%
Mouvement artistique originaire d'Italie qui se répand en Europe du XVIème au XVIIIème siècle Baroque
66%
Reine de France, petite fille d'Aliénor d'Aquitaine et mère de Louis IX {Blanche} de Castille
60%
Fille de la draisienne, mais avec des pédales, les premiers modèles sont apparus en France au milieu du XIXème siècle Bicyclette
56%
Chancelier prussien puis allemand à la célèbre moustache ayant mené à la constitution de l'empire allemand après la guerre de 1870 Otto von Bismarck
56%
Chasseur de bisons et figure mythique de la Conquête de l'Ouest Buffalo Bill
48%
Épouse de Pépin le Bref et mère de Charlemagne. Berthe au Grand Pied
41%
Nom donné à la période s'étendant de la fin du XIXe siècle au début de la Première Guerre Mondiale, marquée par les progrès sociaux, économiques et technologiques Belle Époque
35%
Peuplade germanique ayant donné son nom à la précédente Burgonde
30%
Apparu au XIIème siècle, officier de judicature représentant de l'autorité du roi dans les territoires (sénéchaussées ou ____ages) Bailli
13%
Poème épique de la littérature anglo-saxonne, du nom de son héros, probablement composé entre le VIIème et le Xème siècle Beowulf
8%
Auteur de la "Physiologie du goût", avocat et magistrat du XVIIIème siècle, souvent considéré comme le premier gastronome français Jean Anthelme Brillat-Savarin
6%
Région d'Asie, sous domination britannique au XIXème siècle, partagée entre le Pakistan, l'Iran et l'Afghanistan Balouchistan
5%
Aucun quiz correspondant
Distribution des résultats
% des personnes avec chaque résultat
Percentile par nombre de réponses
Votre historique - résultats
Vous n’avez pas pris ce quiz